书目信息 |
| 题名: |
法学学位论文写作方法
|
|
| 作者: | 梁慧星 著 | |
| 分册: | ||
| 出版信息: | 北京 法律出版社 2017 |
|
| 页数: | 169页 | |
| 开本: | 21cm | |
| 丛书名: | ||
| 单 册: | ||
| 中图分类: | G642.477 | |
| 科图分类: | ||
| 主题词: | 法学--学位论文--写作 | |
| 电子资源: | ||
| ISBN: | 978-7-5197-1087-3 | |
| 000 | 00871nam0 2200253 450 | |
| 001 | 012001004082 | |
| 005 | 20180929091431.10 | |
| 010 | @a978-7-5197-1087-3@dCNY35.00 | |
| 100 | @a20171116d2017 em y0chiy50 ea | |
| 101 | 0 | @achi |
| 102 | @aCN@b110000 | |
| 105 | @ay z 000yy | |
| 106 | @ar | |
| 200 | 1 | @a法学学位论文写作方法@9fa xue xue wei lun wen xie zuo fang fa@f梁慧星著 |
| 205 | @a3版 | |
| 210 | @a北京@c法律出版社@d2017 | |
| 215 | @a169页@d21cm | |
| 330 | @a本书是一本针对法学专业学生论文写作的入门书,分为学位论文的选题、学位论文的资料、学位论文的结构、研究方法、学术见解、文章、社会责任等部分。 | |
| 510 | 1 | @aWriting methods on theses of legal degrees@zeng |
| 606 | 0 | @a法学@x学位论文@x写作 |
| 690 | @aG642.477@v5 | |
| 701 | 0 | @a梁慧星@9liang hui xing@f(1944.1-)@4著 |
| 801 | 0 | @aCN@b上海新华@c20180901 |
| 905 | @b1164232-6@dG642.477@e1056=3@f5 | |
| 法学学位论文写作方法/梁慧星著.-3版.-北京:法律出版社,2017 |
| 169页;21cm |
| ISBN 978-7-5197-1087-3:CNY35.00 |
| 本书是一本针对法学专业学生论文写作的入门书,分为学位论文的选题、学位论文的资料、学位论文的结构、研究方法、学术见解、文章、社会责任等部分。 |
| ● |
| 相关链接 |
|
|
|
|
正题名:法学学位论文写作方法
索取号:G642.477/1056=3
 
预约/预借
| 序号 | 登录号 | 条形码 | 馆藏地/架位号 | 状态 | 备注 |
| 1 | 1164232 | 211642329 | 第一样本阅览室/ [索取号:G642.477/1056=3] | 在馆 | |
| 2 | 1164233 | 211642338 | 第四借阅区/ [索取号:G642.477/1056=3] | 在馆 | |
| 3 | 1164234 | 211642347 | 密集书库-史法系/ [索取号:G642.477/1056=3] | 在馆 | |
| 4 | 1164235 | 211642356 | 第四借阅区/ [索取号:G642.477/1056=3] | 在馆 | |
| 5 | 1164236 | 211642365 | 第四借阅区/ [索取号:G642.477/1056=3] | 在馆 |